000 00375nam a2200109Ia 4500
008 160909s9999 xx 000 0 und d
100 _aGujarathi, Chetan V.
245 _aCardiac non-invasive diagnostic center
260 _bCalifornia State University, Long Beach.
_c2016
650 _aFINANCIAL MANAGEMENT
856 _uhttp://pqdtopen.proquest.com/doc/1783580201.html?FMT=ABS
999 _c304568
_d304568